| 000 | 00423nam a2200169Ia 4500 | ||
|---|---|---|---|
| 999 |
_c3075 _d3075 |
||
| 003 | GBCCL | ||
| 005 | 20241126110446.0 | ||
| 008 | 171017b xxu||||| |||| 00| 0 eng d | ||
| 040 | _cgbc | ||
| 082 |
_a920 _bSOO |
||
| 100 |
_aSood, Madan _96368 |
||
| 245 | 4 | _aThe great personalities of the world | |
| 260 |
_bGoodwill publishing house, _aNew Delhi: |
||
| 300 | _a542p.; | ||
| 650 |
_abiography _91717 |
||
| 942 |
_2ddc _cBK _02 |
||